Faktory úspešnosti inovačných aktivít firiem pôsobiacich na Slovensku

Analýza aktuálneho stavu inovačných aktivít firiem pôsobiacich v podnikateľskom prostredí SR. Faktory ovplyvňujúce schopnosť firiem riadiť inovácie. Výskum inovačných aktivít a inovačných procesov vo firmách pôsobiacich na Slovensku.

Enregistré dans:
Détails bibliographiques
Auteur principal: Knošková, Ľubica, 1965-
Autres auteurs: Kollár, Vojtech
Format: Chapitre de livre
Langue:slovaque
Sujets:
Tags: Ajouter un tag
Pas de tags, Soyez le premier à ajouter un tag!

MARC

LEADER 00000naa a2200000 4500
001 0146643
005 20240502072639.2
041 0 |a slo 
044 |a SK 
245 1 0 |a Faktory úspešnosti inovačných aktivít firiem pôsobiacich na Slovensku  |c Ľubica Knošková, Vojtech Kollár 
520 |a Analýza aktuálneho stavu inovačných aktivít firiem pôsobiacich v podnikateľskom prostredí SR. Faktory ovplyvňujúce schopnosť firiem riadiť inovácie. Výskum inovačných aktivít a inovačných procesov vo firmách pôsobiacich na Slovensku. 
610 2 0 |a stratégia inovačná 
610 2 0 |a prostredie podnikateľské 
610 2 0 |a Slovensko 
610 2 0 |a výskum ekonomický 
610 2 0 |a firmy 
100 1 |a Knošková, Ľubica, 1965- 
700 1 |a Kollár, Vojtech